| 000 | 00439cam a22001451 4500 | ||
|---|---|---|---|
| 050 | 0 | 0 |
_aQD156 _b.P74 |
| 100 | _aJolly, William, L. | ||
| 245 | 0 | 0 |
_aPreparative inorganic reactions / _cEditor: William L. Jolly. |
| 260 |
_aNew York [USA] : _bInterscience Publishers, _cc1968. |
||
| 300 | _avi, 301 p. | ||
| 500 | _aVol. 4- have imprint: New York, Wiley-Interscience. | ||
| 650 | 0 | _xSynthesis. | |
| 700 | 1 | _aJolly, William L., | |
| 942 | _cGEN | ||
| 999 |
_c2247 _d2247 |
||